| 000 -LEADER |
| fixed length control field |
02430nam a2200325 a 4500 |
| 001 - CONTROL NUMBER |
| control field |
ASIN0470093285 |
| 003 - CONTROL NUMBER IDENTIFIER |
| control field |
OSt |
| 005 - DATE AND TIME OF LATEST TRANSACTION |
| control field |
20180116192408.0 |
| 008 - FIXED-LENGTH DATA ELEMENTS--GENERAL INFORMATION |
| fixed length control field |
120329s2005 xxu | 00| 0 eng d |
| 020 ## - INTERNATIONAL STANDARD BOOK NUMBER |
| International Standard Book Number |
0470093285 (paperback) |
| Terms of availability |
$55.00 |
| 020 ## - INTERNATIONAL STANDARD BOOK NUMBER |
| International Standard Book Number |
9780470093283 (paperback) |
| 040 ## - CATALOGING SOURCE |
| Transcribing agency |
0 |
| 082 ## - DEWEY DECIMAL CLASSIFICATION NUMBER |
| Classification number |
725.71091732 FOO 20050 |
| 245 10 - TITLE STATEMENT |
| Title |
Food + the city / |
| Statement of responsibility, etc. |
Karen A. Franck. |
| 250 ## - EDITION STATEMENT |
| Edition statement |
1st ed. |
| 260 ## - PUBLICATION, DISTRIBUTION, ETC. |
| Place of publication, distribution, etc. |
London : |
| Name of publisher, distributor, etc. |
Wiley, |
| Date of publication, distribution, etc. |
2005. |
| 300 ## - PHYSICAL DESCRIPTION |
| Extent |
128 p. : |
| Dimensions |
29 cm. |
| 440 ## - SERIES STATEMENT/ADDED ENTRY--TITLE |
| Title |
Architectural design ; |
| Number of part/section of a work |
v. 75, no. 3 |
| 9 (RLIN) |
702 |
| 490 1# - SERIES STATEMENT |
| Series statement |
Profile ; |
| Volume/sequential designation |
no. 175 |
| 520 ## - SUMMARY, ETC. |
| Summary, etc. |
Food and the City makes the relationships between food and the city visible by exploring both the ways in which buying and eating food have become such a significant part of urban public life, and the ways in which design supports and enhances the place of food in the city. It is timely because the proliferation of urban cafes, restaurants, and markets continues, but is not sufficiently recognized or analyzed. Food related topics are now of great interest in academic and design disciplines but the theme of this issue, food as it relates to the variety and vitality of urban life, has not been addressed. Food and the City , will develop ideas from the popular Food and Architecture (2002). Contents include: Raw, Medium, Well Done: A Typological Reading of Australian Cafes by Jane Lawrence & Rachel Hurst; Blurring Boundaries, Defining Place: The New Hybrid Space of Dining by Gail Satler; The New and the Rare: Gourmet Food in the Japanese Department Store by Masaaki Takahashi; Tasting the Periphery: Bangkok’s Agri and Aqua-cultural Fringe by Brian McGrath & Danai Thaitakoo; “Big Sign” Dining in Hong Kong: The City as Dining Room by Jeffrey W. Cody and Mary C. Day; Taste, Sound and Smell: On the Street in Chinatown and Little Italy by Nisha Fernando; What’s Eating Manchester? Gastro-culture and Urban Regeneration David Bell & Jon Binnie; Designing the Gastronomic Quarter by Susan Parham. |
| 650 ## - SUBJECT ADDED ENTRY--TOPICAL TERM |
| Topical term or geographic name entry element |
Architecture, Modern |
| 9 (RLIN) |
703 |
| 650 ## - SUBJECT ADDED ENTRY--TOPICAL TERM |
| Topical term or geographic name entry element |
Cities and towns |
| 9 (RLIN) |
704 |
| 650 ## - SUBJECT ADDED ENTRY--TOPICAL TERM |
| Topical term or geographic name entry element |
Food industry and trade |
| 9 (RLIN) |
705 |
| 650 ## - SUBJECT ADDED ENTRY--TOPICAL TERM |
| Topical term or geographic name entry element |
Restaurants |
| 9 (RLIN) |
706 |
| 700 1# - ADDED ENTRY--PERSONAL NAME |
| Personal name |
Franck, Karen A. |
| 9 (RLIN) |
707 |
| 830 #0 - SERIES ADDED ENTRY--UNIFORM TITLE |
| Uniform title |
Architectural design. |
| 9 (RLIN) |
708 |
| 856 40 - ELECTRONIC LOCATION AND ACCESS |
| Materials specified |
Amazon.com |
| Uniform Resource Identifier |
<a href="http://www.amazon.com/exec/obidos/ASIN/0470093285/chopaconline-20">http://www.amazon.com/exec/obidos/ASIN/0470093285/chopaconline-20</a> |
| 942 ## - ADDED ENTRY ELEMENTS (KOHA) |
| Source of classification or shelving scheme |
|
| Koha item type |
Book |